Statistiques concernant Îles aléatoires par pays

Cliquez ici pour prendre le quiz!

Statistiques générales

  • Ce quiz a été pris 268 fois
  • Le résultat moyen est 12 sur 20

Statistiques - réponses

ÎlesPays% Correct
AntiguaAntigua-et-Barbuda
100%
Île de TasmanieAustralie
100%
São SebastiãoBrésil
100%
Île de BaffinCanada
100%
Terre-NeuveCanada
100%
MacaoChine
100%
HainanChine
100%
Grande ComoreComores
100%
JejuCorée du Sud
100%
LollandDanemark
100%
BornholmDanemark
100%
FormenteraEspagne
100%
MajorqueEspagne
100%
MinorqueEspagne
100%
La PalmaEspagne
100%
LanzaroteEspagne
100%
IbizaEspagne
100%
Long IslandÉtats-Unis
100%
Liberty IslandÉtats-Unis
100%
AlcatrazÉtats-Unis
100%
HawaïÉtats-Unis
100%
ManhattanÉtats-Unis
100%
Grande TerreFrance
100%
CorseFrance
100%
Marie-GalanteFrance
100%
TahitiFrance
100%
MayotteFrance
100%
RéunionFrance
100%
LesbosGrèce
100%
CrèteGrèce
100%
CorfouGrèce
100%
Grande AndamanInde
100%
JavaIndonésie
100%
BornéoIndonésie/Brunei/Malaisie
100%
Nouvelle-GuinéeIndonésie/Papouasie-Nouvelle-Guinée
100%
IrlandeIrlande/Royaume-Uni
100%
VeniseItalie
100%
SicileItalie
100%
SardaigneItalie
100%
CapriItalie
100%
LampedusaItalie
100%
ShikokuJapon
100%
HonshūJapon
100%
OkinawaJapon
100%
Nouvelle-IrlandePapouasie-Nouvelle-Guinée
100%
Saint-MartinPays-Bas
100%
ArubaPays-Bas
100%
MadèrePortugal
100%
TimorTimor oriental/Indonésie
100%
Île SadoJapon
67%
TokelauNouvelle-Zélande
67%
CuraçaoPays-Bas
67%
Île SouthamptonCanada
50%
PalawanPhilippines
50%
MindoroPhilippines
50%
SakhalineRussie
50%
SocotraYémen
50%
Robben IslandAfrique du Sud
0%
BarbudaAntigua-et-Barbuda
0%
Grande île de la Terre de FeuArgentine/Chili
0%
Île KangourouAustralie
0%
AndrosBahamas
0%
Île de BananalBrésil
0%
MarajóBrésil
0%
TupinambaranaBrésil
0%
Île de VancouverCanada
0%
Île VictoriaCanada
0%
Île DevonCanada
0%
Île du Prince-PatrickCanada
0%
Île Alex HeibergCanada
0%
Île BanksCanada
0%
Île MelvilleCanada
0%
Île d'EllesmereCanada
0%
Île SomersetCanada
0%
SantiagoCap-Vert
0%
Santo-AntãoCap-Vert
0%
Île de PâquesChili
0%
Île WellingtonChili
0%
Île RiescoChili
0%
Hong KongChine
0%
Île de DiskoDanemark
0%
Îles FéroéDanemark
0%
GroenlandDanemark
0%
SeelandDanemark
0%
Vendsyssel-ThyDanemark
0%
FionieDanemark
0%
Île NelsonÉgypte
0%
Isabella (Galapagos)Équateur
0%
TenerifeEspagne
0%
Ellis IslandÉtats-Unis
0%
KodiakÉtats-Unis
0%
Porto RicoÉtats-Unis
0%
Île Saint-LaurentÉtats-Unis
0%
Île de l'AmirautéÉtats-Unis
0%
GuamÉtats-Unis
0%
RotumaFidji
0%
Viti LevuFidji
0%
Basse-TerreFrance
0%
Belle-Île-en-MerFrance
0%
Bora-BoraFrance
0%
Île de RéFrance
0%
FutunaFrance
0%
RhodesGrèce
0%
NaxosGrèce
0%
EubéeGrèce
0%
Île de la Tortue (Tortuga)Haiti
0%
HispaniolaHaiti/République Dominicaine
0%
MaduraIndonésie
0%
BaliIndonésie
0%
SeramIndonésie
0%
HalmaheraIndonésie
0%
SumatraIndonésie
0%
CélèbesIndonésie
0%
ElbeItalie
0%
LipariItalie
0%
StromboliItalie
0%
HokkaidōJapon
0%
KyūshūJapon
0%
Île RebunJapon
0%
BanabaKiribati
0%
Îles GilbertKiribati
0%
NordaustandletNorvège
0%
SpitzbergNorvège
0%
Île du NordNouvelle-Zélande
0%
Île du SudNouvelle-Zélande
0%
Île BougainvillePapouasie-Nouvelle-Guinée
0%
Nouvelle-BretanePapouasie-Nouvelle-Guinée
0%
PanayPhilippines
0%
LuçonPhilippines
0%
SamarPhilippines
0%
LeytePhilippines
0%
NegrosPhilippines
0%
MindanaoPhilippines
0%
Île de WightRoyaume-Uni
0%
Lewis et HarrisRoyaume-Uni
0%
Île de ManRoyaume-Uni
0%
Sainte-HélèneRoyaume-Uni
0%
Géorgie du SudRoyaume-Uni
0%
Falkland occidentalRoyaume-Uni
0%
Grande-BretagneRoyaume-Uni
0%
Île KotelnyRussie
0%
Île IoujnyRussie
0%
Île de la Révolution d'OctobreRussie
0%
Îles DiomèdeRussie
0%
GuadalcanalSalomon
0%
MalaitaSalomon
0%
Santa IsabelSalomon
0%
UpoluSamoa
0%
ManonoSamoa
0%
ApolimaSamoa
0%
Savai'iSamoa
0%
MahéSeychelles
0%
FrégateSeychelles
0%
PraslinSeychelles
0%
ÖlandSuède
0%
GotlandSuède
0%
Ko PhuketThailande
0%
TobagoTrinité-et-Tobago
0%
TrinitéTrinité-et-Tobago
0%
GokçeadaTurquie
0%
Espiritu SantoVanuatu
0%
Île de PentecôteVanuatu
0%
Vanua LavaVanuatu
0%

Distribution des résultats

Percentile par nombre de réponses

% des personnes avec chaque résultat

Votre développement - résultats

Vous n’avez pas pris ce quiz